000 00816nam0a22002531 4500
001 RU\NLR\INFOCOMM16\ROSSICA\1000468892
005 20250613185354.0
035 _a(NLR Aleph) 009886398
090 _a10497541
_c10497541
100 _a20030703d1876 |||y0rusy50 ca
101 0 _afre
102 _aRU
105 _ay ||||000ay
200 1 _aFilature de coton et fabrique de tisseranderie sous la raison de "P.Maloutine fils"
_fExposition internationale d'hygiene et de sauvetage à Bruxelles
210 _aМосква
_d1876
215 _d
710 1 2 _aExposition internationale et Congrès d'hygiène et de sauvetage
_eBruxelles
_f1876
_4070
801 1 _aRU
_bInfoComm
_c20030703
801 0 _aRU
_bNLR
_gPSBO
852 _aNLR
_j13.8.1.1136
942 _cBOOK
980 _aNB
980 _aRossica